Dalit chetana ki pahchan(दलित चेतना की पहचान) (Record no. 114120)

MARC details
000 -LEADER
fixed length control field 00473 a2200157 4500
005 - DATE AND TIME OF LATEST TRANSACTION
control field 20260330115337.0
008 - FIXED-LENGTH DATA ELEMENTS--GENERAL INFORMATION
fixed length control field 260115b |||||||| |||| 00| 0 eng d
020 ## - INTERNATIONAL STANDARD BOOK NUMBER
International Standard Book Number 9789350722473
080 ## - UNIVERSAL DECIMAL CLASSIFICATION NUMBER
Universal Decimal Classification number 89H.09
Item number RAN/D
100 ## - MAIN ENTRY--PERSONAL NAME
Personal name Ransubhe,Suryanarayan
245 ## - TITLE STATEMENT
Title Dalit chetana ki pahchan(दलित चेतना की पहचान)
260 ## - PUBLICATION, DISTRIBUTION, ETC. (IMPRINT)
Name of publisher, distributor, etc Vani Prakashan.
Place of publication, distribution, etc New Delhi.
Date of publication, distribution, etc 2014.
300 ## - PHYSICAL DESCRIPTION
Extent 199p.
653 ## - INDEX TERM--UNCONTROLLED
Uncontrolled term Dalit Literature-Hindi Literature
942 ## - ADDED ENTRY ELEMENTS (KOHA)
item type Under processing
Holdings
Lost status Source of classification or shelving scheme Not for loan Home library Current library Shelving location Date acquired Cost, normal purchase price Total Checkouts Full call number Barcode Date last seen Cost, replacement price Price effective from Koha item type
  Universal Decimal Classification Not For Loan University Library University Library On Display 13/01/2025 256.75   89H.09 RAN/D 00096449 13/01/2025 395.00 13/01/2025 Books
University Library, CUSAT